000 00814nam a2200265 a 4500
001 BRCA_8050
005 20190320210118.0
008 280314s1960----sz-a###f##---#000-0#ger-#
041 _ager
044 _asz
050 4 _aRA774
_b.R44 1960
245 1 0 _aBewegungsübungen für rheumakranke
_cvorbemerkung der bearbeiter N. Fellmann & Bonrath.
250 _a4a. ed.
260 _aSuiza
_bSEWO-Zeichen
_c[1960]
300 _a48 p.
_bil.
_c21 cm.
500 _aFolletos inventariados como libro por el Banco de México
500 _aY44
610 2 4 _aSchweizerische Rheumaliga
_920003
650 1 4 _aEjercicio preventivos
_vReumatismo
_zSuiza
_920004
650 1 4 _aReumatismo
_vPrevención
_zSuiza
_920005
700 1 _aFellmann, N.
_920006
700 1 _aBonrath, Erika
_920007
902 _aGFM
942 _2lcc
_cB
999 _c7718
_d7718